[Event "URS-chT Cup 07th Group1"]
[Site "Rostov on Don"]
[Date "1971.08.03"]
[Round "3"]
[White "Vasiukov, Evgeni"]
[Black "Zaitsev, Igor A"]
[Result "0-1"]
[WhiteElo "2570"]
[BlackElo "2520"]
[PlyCount "104"]
[EventDate "1971.08.01"]
[EventType "team-tourn"]
[EventRounds "3"]
[EventCountry "URS"]
[SourceTitle "EXT 2020"]
[Source "ChessBase"]
[SourceDate "2019.10.17"]
[SourceVersion "1"]
[SourceVersionDate "2019.10.17"]
[SourceQuality "1"]
[WhiteTeam "Soviet Army"]
[BlackTeam "Lokomotiv"]
[WhiteTeamCountry "URS"]
[BlackTeamCountry "URS"]

1. e4 e5 2. Nf3 Nc6 3. Bb5 a6 4. Bxc6 dxc6 5. O-O Qe7 6. d4 exd4 7. Qxd4 Qf6 8.
Qa4 Bg4 9. Bg5 Qxb2 10. Nbd2 Qb4 11. Qxb4 Bxb4 12. Rab1 Bxd2 13. Nxd2 f6 14.
Be3 O-O-O 15. a4 a5 16. f4 b6 17. f5 Ne7 18. Rbe1 c5 19. Nb1 Nc6 20. Nc3 Nd4
21. Rf2 Rhe8 22. h3 Bh5 23. g4 Bf7 24. Kh2 Re7 25. Kg3 Be8 26. Bf4 Bc6 27. e5
h5 28. Ne4 hxg4 29. hxg4 Bxa4 30. c3 Nc6 31. exf6 gxf6 32. Re3 Rf7 33. Nxf6
Rxf6 34. Bg5 Rff8 35. Bxd8 Nxd8 36. c4 Nf7 37. Rh2 Nd6 38. Rh7 Rg8 39. Kf4 Bd7
40. Rg3 Nxf5 41. gxf5 Rxg3 42. Kxg3 Bxf5 43. Rh1 Bc2 44. Kf2 Bb3 45. Rc1 a4 46.
Ke3 Kb7 47. Kd3 c6 48. Rh1 b5 49. cxb5 cxb5 50. Rh6 b4 51. Kd2 a3 52. Kc1 Ba2
0-1

[Event "URS-chT Cup 07th final A"]
[Site "Rostov on Don"]
[Date "1971.08.??"]
[Round "3"]
[White "Grigorian, Karen Ashotovich"]
[Black "Zaitsev, Igor A"]
[Result "0-1"]
[WhiteElo "2430"]
[BlackElo "2520"]
[PlyCount "56"]
[EventDate "1971.08.06"]
[EventType "team-tourn"]
[EventRounds "5"]
[EventCountry "URS"]
[SourceTitle "EXT 2020"]
[Source "ChessBase"]
[SourceDate "2019.10.17"]
[SourceVersion "1"]
[SourceVersionDate "2019.10.17"]
[SourceQuality "1"]
[WhiteTeam "Burevestnik"]
[BlackTeam "Lokomotiv"]
[WhiteTeamCountry "URS"]
[BlackTeamCountry "URS"]

1. d4 d5 2. c4 e6 3. Nc3 Be7 4. Nf3 Nf6 5. Bg5 h6 6. Bh4 Ne4 7. Bg3 Nxg3 8.
hxg3 c6 9. e3 Nd7 10. Bd3 Bb4 11. Rc1 Qe7 12. cxd5 exd5 13. g4 Nf8 14. Ne5 Be6
15. f4 Nd7 16. Nxd7 Bxd7 17. Kf2 O-O 18. g5 Rfe8 19. Qf3 Bg4 20. Qg3 b5 21. Be2
Bxe2 22. Kxe2 g6 23. Nd1 Qe4 24. a3 Ba5 25. b4 Bb6 26. Kd2 Bxd4 27. exd4 Qe2+
28. Kc3 Qc4+ 0-1

[Event "Quito"]
[Site "Quito"]
[Date "1977.??.??"]
[Round "?"]
[White "Zaitsev, Igor A"]
[Black "Tarjan, James Edward"]
[Result "1-0"]
[WhiteElo "2495"]
[BlackElo "2495"]
[PlyCount "45"]
[EventDate "1977.??.??"]
[EventType "tourn"]
[EventRounds "11"]
[EventCountry "ECU"]
[SourceTitle "EXT 2010"]
[Source "ChessBase"]
[SourceDate "2010.11.25"]
[SourceVersion "1"]
[SourceVersionDate "2010.11.25"]
[SourceQuality "1"]

1. e4 c5 2. c3 e6 3. d4 d5 4. e5 Nc6 5. Nf3 Bd7 6. Be2 f6 7. O-O fxe5 8. Nxe5
Nxe5 9. dxe5 Qc7 10. c4 d4 11. Bf4 Ne7 12. Nd2 Nf5 13. Bd3 Be7 14. Ne4 O-O 15.
Qg4 Kh8 16. Qh3 Qd8 17. Bd2 Be8 18. g4 Nh4 19. f4 Bg6 20. Be1 h6 21. Bxh4 Bxh4
22. f5 Bf7 23. fxe6 1-0

[Event "Chigorin Memorial-12"]
[Site "Sochi"]
[Date "1977.??.??"]
[Round "1"]
[White "Zaitsev, Igor A"]
[Black "Durao, Joaquim Manuel"]
[Result "1-0"]
[WhiteElo "2495"]
[BlackElo "2305"]
[PlyCount "39"]
[EventDate "1977.08.31"]
[EventType "tourn"]
[EventRounds "15"]
[EventCountry "URS"]
[EventCategory "10"]
[SourceTitle "EXT 1999"]
[Source "ChessBase"]
[SourceDate "1998.11.16"]
[SourceVersion "1"]
[SourceVersionDate "1998.11.16"]
[SourceQuality "1"]

1. e4 e5 2. Nf3 d6 3. d4 Nf6 4. Nc3 Nbd7 5. Bc4 Be7 6. O-O O-O 7. Qe2 c6 8. a4
Qc7 9. Ba2 b6 10. Be3 Bb7 11. Nh4 exd4 12. Bxd4 c5 13. Be3 Nxe4 14. Nf5 Bf6 15.
Nd5 Bxd5 16. Bxd5 Ng5 17. Bxa8 Rxa8 18. Bxg5 Bxg5 19. Rad1 Rd8 20. Nxd6 1-0

[Event "Chigorin Memorial-12"]
[Site "Sochi"]
[Date "1977.??.??"]
[Round "3"]
[White "Zaitsev, Igor A"]
[Black "Karner, Hillar"]
[Result "1-0"]
[WhiteElo "2495"]
[BlackElo "2380"]
[PlyCount "101"]
[EventDate "1977.08.31"]
[EventType "tourn"]
[EventRounds "15"]
[EventCountry "URS"]
[EventCategory "10"]
[SourceTitle "EXT 1999"]
[Source "ChessBase"]
[SourceDate "1998.11.16"]
[SourceVersion "1"]
[SourceVersionDate "1998.11.16"]
[SourceQuality "1"]

1. d4 e6 2. e4 d5 3. e5 b6 4. c4 dxc4 5. Bxc4 Bb7 6. Nf3 Ne7 7. Nc3 Qd7 8. O-O
h6 9. Qe2 Nbc6 10. a3 Na5 11. Ba2 Nd5 12. Bd2 Nxc3 13. bxc3 c5 14. Rad1 c4 15.
Ne1 Qd5 16. f4 g6 17. Nc2 Rc8 18. Ne3 Qd7 19. Be1 Be7 20. Bb1 Rg8 21. Bg3 h5
22. d5 exd5 23. f5 Bc5 24. fxg6 fxg6 25. Kh1 Be7 26. Bxg6+ Rxg6 27. Qxh5 Qe6
28. Rf6 Bxf6 29. Qxg6+ Qf7 30. Qxf6 Qxf6 31. exf6 Kf7 32. Ng4 Nb3 33. Be5 Re8
34. Nh6+ Ke6 35. f7 Rf8 36. Bg7 Rxf7 37. Nxf7 Kxf7 38. Bd4 Bc8 39. Kg1 Bf5 40.
h3 Bd3 41. Be3 Ke6 42. Re1 Kd6 43. h4 d4 44. Bxd4 Nxd4 45. cxd4 Kd5 46. Kf2
Kxd4 47. Re7 Kc3 48. h5 Kd2 49. h6 c3 50. h7 Bxh7 51. Rxh7 1-0

[Event "Chigorin Memorial-12"]
[Site "Sochi"]
[Date "1977.??.??"]
[Round "5"]
[White "Zaitsev, Igor A"]
[Black "Klaric, Zlatko"]
[Result "1-0"]
[WhiteElo "2495"]
[BlackElo "2405"]
[PlyCount "101"]
[EventDate "1977.08.31"]
[EventType "tourn"]
[EventRounds "15"]
[EventCountry "URS"]
[EventCategory "10"]
[SourceTitle "EXT 1999"]
[Source "ChessBase"]
[SourceDate "1998.11.16"]
[SourceVersion "1"]
[SourceVersionDate "1998.11.16"]
[SourceQuality "1"]

1. e4 g6 2. d4 c6 3. Nf3 d5 4. e5 Bg4 5. Nbd2 e6 6. h3 Bxf3 7. Nxf3 h5 8. Bd3
Nh6 9. g4 Ng8 10. O-O hxg4 11. hxg4 Nh6 12. g5 Nf5 13. Bxf5 gxf5 14. Kg2 Nd7
15. Rh1 Rg8 16. Qd3 Be7 17. Bd2 Qc7 18. Rac1 f6 19. exf6 Nxf6 20. Rcg1 Ne4 21.
Kf1 O-O-O 22. Rh7 Rde8 23. Bb4 Qd8 24. Qa3 Bxb4 25. Qxb4 Qb6 26. Qxb6 axb6 27.
Ke2 Rg6 28. Ke3 Reg8 29. Rh2 Nd6 30. Kf4 Nc4 31. b3 Na3 32. Ne5 R6g7 33. c3 Nb5
34. Rg3 Nd6 35. g6 Ne4 36. Rgh3 Kd8 37. c4 Ke7 38. f3 Nd6 39. Kg5 c5 40. dxc5
bxc5 41. cxd5 Nf7+ 42. Kf4 Nxe5 43. Kxe5 exd5 44. Rh7 Kf8 45. Kxd5 b6 46. b4
Rxg6 47. bxc5 f4 48. c6 Rg5+ 49. Ke4 Rc5 50. Rd2 Rg7 51. Rd8+ 1-0

[Event "Chigorin Memorial-12"]
[Site "Sochi"]
[Date "1977.??.??"]
[Round "8"]
[White "Zaitsev, Igor A"]
[Black "Ftacnik, Lubomir"]
[Result "1-0"]
[WhiteElo "2495"]
[BlackElo "2360"]
[PlyCount "105"]
[EventDate "1977.08.31"]
[EventType "tourn"]
[EventRounds "15"]
[EventCountry "URS"]
[EventCategory "10"]
[SourceTitle "EXT 1999"]
[Source "ChessBase"]
[SourceDate "1998.11.16"]
[SourceVersion "1"]
[SourceVersionDate "1998.11.16"]
[SourceQuality "1"]

1. e4 c5 2. Nf3 e6 3. d4 cxd4 4. Nxd4 Nf6 5. Nc3 d6 6. g4 h6 7. Be3 Nc6 8. Rg1
a6 9. h4 Nd7 10. Qe2 Nxd4 11. Bxd4 b5 12. g5 hxg5 13. hxg5 b4 14. Na4 Qa5 15.
b3 Rh4 16. g6 f6 17. O-O-O Bb7 18. f3 Rc8 19. Kb1 Qh5 20. Qe1 Rh2 21. Bd3 a5
22. f4 Bc6 23. Nb2 Nc5 24. Bxf6 Nxd3 25. cxd3 gxf6 26. g7 Bxg7 27. Rxg7 Bb5 28.
Rg8+ Kd7 29. Rxc8 Kxc8 30. Rc1+ Kb7 31. f5 Qf3 32. fxe6 Bxd3+ 33. Ka1 Qxe4 34.
Qxe4+ Bxe4 35. Nc4 d5 36. Nd6+ Kb6 37. e7 Bg6 38. e8=Q Bxe8 39. Nxe8 Rf2 40.
Kb1 a4 41. Nc7 Rf5 42. bxa4 Re5 43. a5+ Kxa5 44. Rc6 b3 45. a3 Re1+ 46. Kb2
Re2+ 47. Kxb3 Re3+ 48. Kb2 Re2+ 49. Kc3 d4+ 50. Kd3 Re3+ 51. Kxd4 Rxa3 52. Kc4
Ra4+ 53. Kc5 1-0

[Event "Moscow International"]
[Site "Moscow"]
[Date "1982.05.17"]
[Round "6"]
[White "Zaitsev, Igor A"]
[Black "Westerinen, Heikki MJ"]
[Result "1-0"]
[WhiteElo "2465"]
[BlackElo "2440"]
[PlyCount "67"]
[EventDate "1982.05.09"]
[EventType "tourn"]
[EventRounds "13"]
[EventCountry "URS"]
[EventCategory "10"]
[SourceTitle "MCL"]
[Source "ChessBase"]
[SourceDate "1999.07.01"]
[SourceVersion "1"]
[SourceVersionDate "1999.07.01"]
[SourceQuality "1"]

1. e4 Nf6 2. e5 Nd5 3. Nc3 c6 4. d4 d6 5. f4 Bf5 6. Nxd5 cxd5 7. Nf3 Nc6 8. Bd3
Bxd3 9. Qxd3 g6 10. O-O Bg7 11. Bd2 Qd7 12. Rae1 e6 13. Re2 O-O 14. c3 b5 15.
g4 f6 16. exd6 Rab8 17. f5 exf5 18. gxf5 g5 19. h4 h6 20. hxg5 hxg5 21. Nh2
Qxd6 22. Ng4 b4 23. Bxg5 Rbe8 24. Bf4 Qd7 25. Rg2 Kf7 26. Qf3 Rh8 27. Ne3 Ne7
28. cxb4 Rh7 29. Rc1 Kg8 30. Rc7 Qb5 31. Bd6 Nxf5 32. Qxf5 Rxe3 33. Qxh7+ Kxh7
34. Rcxg7+ 1-0

[Event "Moscow International"]
[Site "Moscow"]
[Date "1982.05.21"]
[Round "9"]
[White "Zeitlein, Michael"]
[Black "Zaitsev, Igor A"]
[Result "0-1"]
[WhiteElo "2490"]
[BlackElo "2465"]
[PlyCount "144"]
[EventDate "1982.05.09"]
[EventType "tourn"]
[EventRounds "13"]
[EventCountry "URS"]
[EventCategory "10"]
[SourceTitle "MCL"]
[Source "ChessBase"]
[SourceDate "1999.07.01"]
[SourceVersion "1"]
[SourceVersionDate "1999.07.01"]
[SourceQuality "1"]

1. d4 d5 2. c4 e6 3. Nf3 Nf6 4. Bg5 Be7 5. e3 h6 6. Bh4 O-O 7. Nbd2 c5 8. dxc5
Bxc5 9. cxd5 exd5 10. Rc1 Be7 11. Bd3 Nc6 12. O-O Ne4 13. Bxe7 Qxe7 14. Bb5 Bg4
15. Qa4 Nxd2 16. Nxd2 Ne5 17. Qd4 a6 18. Bd3 Rad8 19. Bb1 Rfe8 20. Rfe1 Rd6 21.
h3 Bc8 22. a3 Qd8 23. Qf4 Rf6 24. Qg3 Bf5 25. Bxf5 Rxf5 26. e4 Rg5 27. Qb3 Rg6
28. Nf3 Qb6 29. Rc3 Qxb3 30. Rxb3 Nxf3+ 31. Rxf3 dxe4 32. Rc3 Rge6 33. Rd1 R8e7
34. Rd8+ Kh7 35. h4 e3 36. fxe3 Rxe3 37. Rxe3 Rxe3 38. Rd7 Rb3 39. Rxf7 Rxb2
40. h5 Rb5 41. Rc7 b6 42. Rc6 Rxh5 43. Rxb6 Ra5 44. Rb3 Kg6 45. Rf3 h5 46. Kh2
Rf5 47. Rc3 Kg5 48. Rc4 Rd5 49. Ra4 a5 50. Kh3 g6 51. g3 Kf5 52. Rc4 g5 53. Rc8
Ke4 54. Rh8 Kf3 55. Rf8+ Ke4 56. Rh8 Kf5 57. Rf8+ Ke5 58. Rh8 Rd1 59. Ra8 g4+
60. Kh4 Rh1+ 61. Kg5 Ke4 62. Rf8 a4 63. Rf7 Ke3 64. Rf8 Rh3 65. Rf7 Rxg3 66.
Re7+ Kd2 67. Kxh5 Rxa3 68. Kxg4 Rc3 69. Ra7 a3 70. Kf4 Kc2 71. Ke4 Kb2 72. Kd4
Rb3 0-1

[Event "Moscow International"]
[Site "Moscow"]
[Date "1982.05.24"]
[Round "11"]
[White "Zaitsev, Igor A"]
[Black "Abramovic, Bosko"]
[Result "1-0"]
[WhiteElo "2465"]
[BlackElo "2445"]
[PlyCount "111"]
[EventDate "1982.05.09"]
[EventType "tourn"]
[EventRounds "13"]
[EventCountry "URS"]
[EventCategory "10"]
[SourceTitle "MCL"]
[Source "ChessBase"]
[SourceDate "1999.07.01"]
[SourceVersion "1"]
[SourceVersionDate "1999.07.01"]
[SourceQuality "1"]

1. d4 Nf6 2. c4 c5 3. d5 g6 4. Nf3 d6 5. g3 Bg7 6. Bg2 O-O 7. O-O e6 8. Nc3
exd5 9. cxd5 Nbd7 10. h3 a6 11. a4 Rb8 12. Bf4 Qe7 13. e4 b5 14. Re1 b4 15. e5
bxc3 16. exf6 Qxf6 17. Bg5 c2 18. Qxc2 Qxb2 19. Qxb2 Bxb2 20. Rab1 Rb4 21. Be7
Bc3 22. Rec1 Re8 23. Bxd6 Re2 24. Rxb4 Bxb4 25. Nd4 Re1+ 26. Rxe1 Bxe1 27. Nc6
Bb7 28. Kf1 Bc3 29. Ke2 c4 30. a5 f5 31. f4 Kg7 32. Kd1 Bf6 33. Kc2 Kf7 34.
Ne5+ Ke8 35. Kc3 Bd8 36. Nxc4 Nf6 37. Kd4 Ne4 38. g4 Bc8 39. Bxe4 fxe4 40. Bb4
Bf6+ 41. Kxe4 Bd7 42. Nd6+ Kd8 43. Nf7+ Ke8 44. Nd6+ Kd8 45. Nf7+ Ke8 46. Ne5
Bb5 47. g5 Bg7 48. h4 Bf1 49. Bd6 Kd8 50. Kd4 Bg2 51. Kc5 Be4 52. Nc6+ Kc8 53.
Be5 Bf8+ 54. Bd6 Bg7 55. Be5 Bf8+ 56. d6 1-0

[Event "Moscow-ch61"]
[Site "Moscow"]
[Date "1983.01.??"]
[Round "?"]
[White "Bronstein, David Ionovich"]
[Black "Zaitsev, Igor A"]
[Result "0-1"]
[WhiteElo "2490"]
[BlackElo "2445"]
[PlyCount "116"]
[EventDate "1983.01.??"]
[EventType "tourn"]
[EventRounds "17"]
[EventCountry "URS"]
[SourceTitle "EXT 2002"]
[Source "ChessBase"]
[SourceDate "2001.11.25"]
[SourceVersion "1"]
[SourceVersionDate "2001.11.25"]
[SourceQuality "1"]

1. d4 d5 2. c4 e6 3. Nc3 Nf6 4. Bg5 Be7 5. e3 O-O 6. Rc1 h6 7. Bh4 b6 8. Bxf6
Bxf6 9. cxd5 exd5 10. Qf3 Bb7 11. Bc4 c6 12. Bb3 Na6 13. Nge2 Nc7 14. O-O Ne6
15. Rfd1 Qe7 16. Bc2 Rad8 17. a3 c5 18. dxc5 Ng5 19. Qg4 bxc5 20. Nf4 d4 21.
exd4 Bxd4 22. h4 Ne6 23. Nh5 f5 24. Qg3 Qf7 25. Re1 Rde8 26. Bb3 Qxh5 27. Bxe6+
Kh8 28. Nb5 f4 29. Qh3 Bxb2 30. Rb1 Be5 31. Nxa7 Bxg2 32. Kxg2 f3+ 33. Kf1 Rxe6
34. Re4 Qg6 35. Qg4 Qxg4 36. Rxg4 Bd4 37. Nb5 Rb8 38. Rf4 Rf6 39. Re4 Ra6 40.
Rb3 Bf6 41. h5 Rc6 42. Rc4 Rd6 43. Ke1 Rd5 44. a4 Re8+ 45. Re3 Rxe3+ 46. fxe3
Rxh5 47. Rf4 Rh3 48. Nd6 Bh4+ 49. Kd2 g5 50. Rf5 g4 51. a5 Rh2+ 52. Kd3 Ra2 53.
Nf7+ Kg7 54. Ne5 Rxa5 55. Rf4 Bg5 56. Rf7+ Kg8 57. Rf5 Ra4 58. e4 Rd4+ 0-1

[Event "Moscow-ch61"]
[Site "Moscow"]
[Date "1983.01.??"]
[Round "?"]
[White "Kremenietsky, Anatoly M"]
[Black "Zaitsev, Igor A"]
[Result "0-1"]
[WhiteElo "2395"]
[BlackElo "2445"]
[PlyCount "46"]
[EventDate "1983.01.??"]
[EventType "tourn"]
[EventRounds "17"]
[EventCountry "URS"]
[SourceTitle "EXT 2002"]
[Source "ChessBase"]
[SourceDate "2001.11.25"]
[SourceVersion "1"]
[SourceVersionDate "2001.11.25"]
[SourceQuality "1"]

1. e4 e5 2. Nf3 Nc6 3. Bb5 a6 4. Ba4 Nf6 5. O-O Be7 6. Re1 b5 7. Bb3 O-O 8. a4
b4 9. c3 d5 10. exd5 Nxd5 11. Nxe5 Nxe5 12. Rxe5 Nf6 13. d4 Bd6 14. Re2 Rb8 15.
c4 Nh5 16. Nd2 Nf4 17. Re3 c5 18. d5 Qg5 19. Rg3 Qe5 20. Re3 Nh3+ 21. gxh3
Qxh2+ 22. Kf1 Bxh3+ 23. Ke1 Rfe8 0-1

[Event "Minsk Sokolsky Memorial-13"]
[Site "Minsk"]
[Date "1983.??.??"]
[Round "?"]
[White "Zaitsev, Igor A"]
[Black "Itkis, Boris"]
[Result "1-0"]
[WhiteElo "2445"]
[BlackElo "2300"]
[PlyCount "63"]
[EventDate "1983.11.12"]
[EventType "tourn"]
[EventRounds "17"]
[EventCountry "URS"]
[SourceTitle "EXT 2014"]
[Source "ChessBase"]
[SourceDate "2013.11.20"]
[SourceVersion "1"]
[SourceVersionDate "2013.11.20"]
[SourceQuality "1"]

1. e4 c5 2. Nf3 d6 3. d4 cxd4 4. Nxd4 Nf6 5. Nc3 g6 6. Be3 Bg7 7. f3 O-O 8. Qd2
Nc6 9. Bc4 Bd7 10. O-O-O Rc8 11. Bb3 Ne5 12. h4 h5 13. Bg5 Rc5 14. Kb1 b5 15.
g4 hxg4 16. h5 Nxh5 17. Nd5 Re8 18. Qg2 Rxd5 19. Bxd5 Qc8 20. f4 Nf3 21. Nxf3
gxf3 22. Qg1 e6 23. Bb3 Bc6 24. Rxh5 $1 Bxe4 25. Bh6 f2 26. Qxf2 gxh5 27. Bxg7
Kxg7 28. Qd4+ Kh6 29. Qxe4 Qc5 30. c3 Rg8 31. Bc2 Rg6 32. Qa8 1-0

[Event "Moscow-B"]
[Site "Moscow"]
[Date "1988.??.??"]
[Round "?"]
[White "Zaitsev, Igor A"]
[Black "Danailov, Silvio"]
[Result "1-0"]
[WhiteElo "2395"]
[BlackElo "2415"]
[PlyCount "69"]
[EventDate "1988.??.??"]
[EventType "tourn"]
[EventRounds "11"]
[EventCountry "URS"]
[EventCategory "8"]
[SourceTitle "TD"]
[Source "ChessBase"]
[SourceDate "1994.03.01"]
[SourceVersion "1"]
[SourceVersionDate "1994.03.01"]
[SourceQuality "1"]

1. e4 d6 2. d4 Nf6 3. Nc3 g6 4. Be2 Bg7 5. h4 c5 6. dxc5 Qa5 7. Kf1 Qxc5 8. Be3
Qa5 9. h5 gxh5 10. Nh3 Bg4 11. Nf4 Nc6 12. f3 Bd7 13. Ncd5 e6 14. Bd2 Qd8 15.
Nxf6+ Bxf6 16. Nxh5 Bxb2 17. Rb1 Bd4 18. Rxb7 Rb8 19. Ba5 Rxb7 20. Bxd8 Kxd8
21. g3 Kc7 22. Nf4 Rg8 23. Kg2 Be5 24. Qd2 Rg7 25. Nh5 Rg6 26. f4 Bd4 27. c3
Bc5 28. Bd3 Ne7 29. Rb1 Rxb1 30. Bxb1 Bc6 31. Kf1 f5 32. Qe2 Kd7 33. c4 h6 34.
e5 dxe5 35. Qxe5 1-0

[Event "Moscow-B"]
[Site "Moscow"]
[Date "1988.??.??"]
[Round "?"]
[White "Zaitsev, Igor A"]
[Black "Khenkin, Igor"]
[Result "1-0"]
[WhiteElo "2395"]
[BlackElo "2340"]
[PlyCount "55"]
[EventDate "1988.??.??"]
[EventType "tourn"]
[EventRounds "11"]
[EventCountry "URS"]
[EventCategory "8"]
[SourceTitle "TD"]
[Source "ChessBase"]
[SourceDate "1994.03.01"]
[SourceVersion "1"]
[SourceVersionDate "1994.03.01"]
[SourceQuality "1"]

1. e4 c5 2. Nf3 d6 3. d4 cxd4 4. Nxd4 Nf6 5. Nc3 a6 6. Be3 e6 7. Qf3 Nbd7 8.
Be2 h5 9. O-O-O Qc7 10. Rhe1 Ne5 11. Qg3 h4 12. Qh3 Nc4 13. g4 Nxe3 14. Qxe3 e5
15. g5 exd4 16. Qxd4 Nd7 17. Nd5 Qc6 18. Rd3 Nc5 19. Rc3 Be6 20. b4 O-O-O 21.
Rd1 Kb8 22. f4 Rc8 23. bxc5 dxc5 24. Qe3 Rd8 25. h3 g6 26. Rb3 c4 27. Rb1 Qa4
28. Rxb7+ 1-0

[Event "Moscow-B"]
[Site "Moscow"]
[Date "1988.??.??"]
[Round "?"]
[White "Zaitsev, Igor A"]
[Black "Matlak, Marek"]
[Result "1-0"]
[WhiteElo "2395"]
[BlackElo "2420"]
[PlyCount "51"]
[EventDate "1988.??.??"]
[EventType "tourn"]
[EventRounds "11"]
[EventCountry "URS"]
[EventCategory "8"]
[SourceTitle "TD"]
[Source "ChessBase"]
[SourceDate "1994.03.01"]
[SourceVersion "1"]
[SourceVersionDate "1994.03.01"]
[SourceQuality "1"]

1. e4 e6 2. d4 d5 3. e5 c5 4. c3 Qb6 5. Nf3 Nc6 6. a3 Bd7 7. Be2 c4 8. Nbd2 f6
9. O-O O-O-O 10. b3 cxb3 11. Nxb3 Nge7 12. Rb1 Ng6 13. c4 dxc4 14. Bxc4 Qc7 15.
Qe2 fxe5 16. Bg5 Re8 17. Ba6 e4 18. Ne5 Ngxe5 19. dxe5 h6 20. Be3 bxa6 21.
Qxa6+ Kd8 22. Rfc1 Ke7 23. Nd4 Rc8 24. Rb7 Nb8 25. Rbxc7 Nxa6 26. Rxc8 1-0

[Event "Moscow1"]
[Site "Moscow"]
[Date "1989.??.??"]
[Round "?"]
[White "Zaitsev, Igor A"]
[Black "Gola, Martin"]
[Result "1-0"]
[WhiteElo "2390"]
[BlackElo "2375"]
[PlyCount "95"]
[EventDate "1989.05.??"]
[EventType "tourn"]
[EventRounds "9"]
[EventCountry "URS"]
[EventCategory "7"]
[SourceTitle "EXT 1997"]
[Source "ChessBase"]
[SourceDate "1996.11.15"]
[SourceVersion "1"]
[SourceVersionDate "1996.11.15"]
[SourceQuality "1"]

1. e4 e5 2. Nf3 Nc6 3. Bb5 a6 4. Ba4 Nf6 5. O-O Be7 6. Re1 b5 7. Bb3 d6 8. c3
O-O 9. d4 Bg4 10. Be3 exd4 11. cxd4 d5 12. e5 Ne4 13. h3 Bh5 14. Nbd2 Na5 15.
Bc2 Nxd2 16. Bxd2 Nc4 17. Bc1 Qd7 18. b3 Nb6 19. Qe2 Rae8 20. Bd2 f5 21. a3 Qe6
22. Qd3 Nd7 23. Bb4 c5 24. dxc5 Nxc5 25. Bxc5 Bxf3 26. Qxf3 Bxc5 27. b4 Bd4 28.
Bb3 Kh8 29. Bxd5 Qb6 30. Rac1 Bxe5 31. Kf1 Qd4 32. Rc6 Rd8 33. Rd1 Qa7 34. Re6
Bd4 35. h4 a5 36. bxa5 Qc5 37. Bb3 Qxa3 38. a6 Qc5 39. h5 b4 40. g3 Qc3 41. Rd3
Qc7 42. Kg2 f4 43. Re4 Bxf2 44. Rxd8 Qxd8 45. Qxf2 fxg3 46. Qe3 Qf6 47. a7 Qc6
48. h6 1-0

[Event "Moscow1"]
[Site "Moscow"]
[Date "1989.??.??"]
[Round "?"]
[White "Zaitsev, Igor A"]
[Black "Naumkin, Igor"]
[Result "1-0"]
[WhiteElo "2390"]
[BlackElo "2435"]
[PlyCount "101"]
[EventDate "1989.05.??"]
[EventType "tourn"]
[EventRounds "9"]
[EventCountry "URS"]
[EventCategory "7"]
[SourceTitle "EXT 1997"]
[Source "ChessBase"]
[SourceDate "1996.11.15"]
[SourceVersion "1"]
[SourceVersionDate "1996.11.15"]
[SourceQuality "1"]

1. d4 e6 2. c4 f5 3. Nf3 Nf6 4. g3 Be7 5. Bg2 O-O 6. O-O d6 7. Nc3 a5 8. Bg5
Qe8 9. Rc1 Qh5 10. Re1 Nc6 11. Bxf6 Bxf6 12. e4 e5 13. dxe5 dxe5 14. Nd5 Bd8
15. exf5 Qxf5 16. Qe2 Bd7 17. Rcd1 Be8 18. Nxe5 Bh5 19. f3 Re8 20. g4 Qxe5 21.
Qxe5 Nxe5 22. gxh5 Kf8 23. Re4 c6 24. Nf4 Kf7 25. Kf1 Bf6 26. b3 Red8 27. Rxd8
Rxd8 28. Ke2 a4 29. bxa4 Ra8 30. c5 Nd7 31. Nd3 Bc3 32. Bh3 Nf6 33. Rc4 Re8+
34. Kf2 Ba5 35. Bg4 Bd2 36. Rc2 Be3+ 37. Kf1 Nd5 38. Rb2 Bd4 39. Rxb7+ Kf6 40.
Bd7 Re3 41. Bxc6 Rxf3+ 42. Ke2 Re3+ 43. Kd2 Nc3 44. Kc2 Kg5 45. Rd7 Bf6 46. Bb5
Re2+ 47. Kb3 Ne4 48. Rd5+ Kh4 49. c6 Be7 50. Rd4 Kg5 51. Rxe4 1-0

[Event "Moscow7 op"]
[Site "Moscow"]
[Date "1991.??.??"]
[Round "?"]
[White "Glek, Igor Vladimirovich"]
[Black "Zaitsev, Igor A"]
[Result "0-1"]
[WhiteElo "2530"]
[BlackElo "2405"]
[PlyCount "72"]
[EventDate "1991.09.??"]
[EventType "swiss"]
[EventRounds "9"]
[EventCountry "URS"]
[SourceTitle "EXT 2000"]
[Source "ChessBase"]
[SourceDate "1999.11.16"]
[SourceVersion "1"]
[SourceVersionDate "1999.11.16"]
[SourceQuality "1"]

1. e4 e5 2. Nf3 Nf6 3. Nc3 Nc6 4. g3 Bb4 5. Bg2 O-O 6. O-O Re8 7. d3 Bxc3 8.
bxc3 d5 9. exd5 Nxd5 10. Ng5 h6 11. Ne4 f5 12. c4 Nf6 13. Nc5 Qd6 14. Ba3 e4
15. dxe4 Qxd1 16. Raxd1 fxe4 17. Rfe1 Bf5 18. Nxb7 Ne5 19. Bb2 Nf3+ 20. Bxf3
exf3 21. Rxe8+ Rxe8 22. Bxf6 gxf6 23. Rd8 Rxd8 24. Nxd8 Bxc2 25. Ne6 Bd3 26. c5
Bc4 27. Nxc7 Bxa2 28. c6 Kf8 29. Kf1 Bb3 30. Ke1 Ke7 31. Kd2 a5 32. Kc3 Bf7 33.
Nb5 Bd5 34. Nd4 Kd6 35. Nf5+ Kxc6 36. Nxh6 Be6 0-1

[Event "Moscow7 op"]
[Site "Moscow"]
[Date "1991.??.??"]
[Round "?"]
[White "Zaitsev, Igor A"]
[Black "Janovsky, Sergey"]
[Result "1-0"]
[WhiteElo "2405"]
[BlackElo "2425"]
[PlyCount "45"]
[EventDate "1991.09.??"]
[EventType "swiss"]
[EventRounds "9"]
[EventCountry "URS"]
[SourceTitle "EXT 2000"]
[Source "ChessBase"]
[SourceDate "1999.11.16"]
[SourceVersion "1"]
[SourceVersionDate "1999.11.16"]
[SourceQuality "1"]

1. e4 e6 2. d4 d5 3. Nc3 Nf6 4. Bg5 dxe4 5. Nxe4 Nbd7 6. Nf3 h6 7. Nxf6+ Nxf6
8. Bxf6 Qxf6 9. Bb5+ c6 10. Bd3 Bd6 11. Qe2 c5 12. dxc5 Bxc5 13. O-O-O a6 14.
Rd2 Bd6 15. g3 Bc7 16. Be4 Qe7 17. h4 Rb8 18. c3 e5 19. Re1 Bg4 20. Bc2 g6 21.
Qe3 Bxf3 22. Qxf3 h5 23. Ba4+ 1-0

[Event "Podolsk"]
[Site "Podolsk"]
[Date "1991.??.??"]
[Round "?"]
[White "Terterians, Vladimir"]
[Black "Zaitsev, Igor A"]
[Result "0-1"]
[WhiteElo "2395"]
[BlackElo "2405"]
[PlyCount "120"]
[EventDate "1991.10.??"]
[EventType "tourn"]
[EventRounds "11"]
[EventCountry "URS"]
[EventCategory "8"]
[SourceTitle "CBM 026 Extra"]
[Source "ChessBase"]
[SourceDate "1992.03.01"]
[SourceVersion "1"]
[SourceVersionDate "1992.03.01"]
[SourceQuality "1"]

1. e4 e5 2. Nf3 Nc6 3. Bb5 a6 4. Ba4 Nf6 5. Qe2 d6 6. c3 Be7 7. O-O O-O 8. d4
b5 9. Bc2 Bb7 10. Rd1 Qc8 11. Nbd2 Re8 12. Nf1 g6 13. d5 Na5 14. b3 c6 15. c4
bxc4 16. bxc4 Nxc4 17. Qxc4 cxd5 18. Qxc8 Rexc8 19. Bb3 dxe4 20. N3d2 d5 21.
Bb2 Bc5 22. h3 Bd4 23. Rab1 a5 24. Ba4 Ba6 25. Bxd4 exd4 26. Rb6 Kg7 27. Nb3
Bxf1 28. Kxf1 d3 29. Bc6 Rcb8 30. Rxb8 Rxb8 31. Rc1 a4 32. Bxa4 Ra8 33. Bc6
Rxa2 34. Nd4 Rb2 35. g3 h5 36. Rd1 Rb4 37. Nb5 Rc4 38. Bb7 Rc5 39. Nd4 Ne8 40.
f3 Nd6 41. fxe4 Nxb7 42. e5 Rc4 43. Rxd3 Nc5 44. Rd1 Ne6 45. Ne2 d4 46. Kf2 Ra4
47. h4 g5 48. hxg5 Kg6 49. Rd3 Kxg5 50. Rf3 Ra2 51. Ke1 Ra1+ 52. Kd2 Ra2+ 53.
Ke1 Ra7 54. Rf6 Kg4 55. Kd2 Ra2+ 56. Kd1 d3 57. Nf4 Kxg3 58. Nxe6 fxe6 59. Rxe6
h4 60. Rd6 h3 0-1